000 00767 a2200229 4500
005 20090305170922.0
008 090305t xxu||||| |||| 00| 0 eng d
020 _c350.00
035 _aB-64460
037 _bRP-BLI-130 / NCP-02-03:154 / RP-02-03:ENG
040 _adpl
_bEnglish
082 _a576
100 _aAnanthanarayan, R.
245 _aText book of microbiology/
_cby R. Ananthanarayan[and] C.K. Jayaram Pauiker;edited by C.K. Jayaram Pauiker
250 _a6th ed.
260 _aChennai
_bOrient Longman
_c2002
300 _a612p
_c24cm(pbk)
700 _aPauiker, C.K. Jayaram
700 _aPauiker, C.K. Jayaram
942 _adpl
_cEN
_2ddc
_h576
_mANA
999 _c2616
_d2616